| 000 | 00781cab a2200289 4500 | ||
|---|---|---|---|
| 001 | ABS58503 | ||
| 008 | 090401t1998 xxu||||| |||| 00| 0 eng d | ||
| 035 | _a(Sirsi) u85335 | ||
| 041 | _aeng | ||
| 100 | _aRichmond, N. | ||
| 245 | _aRate expectations | ||
| 260 | _c1998 | ||
| 350 | _a0 | ||
| 490 |
_aProperty Week Supplement _vMarch 1998, 30-31(2) |
||
| 520 | _aA guide for leisure occupier`s to negotiating the rating revaluation process. | ||
| 650 | _aBINGO CLUBS | ||
| 650 | _aFITNESS CENTRES | ||
| 650 | _aHEALTH CLUBS | ||
| 650 | _aLEISURE PROPERTIES | ||
| 650 | _aMULTIPLEX CINEMAS | ||
| 650 | _aRATES REVALUATION | ||
| 650 | _aRATING REVALUATION 2000 | ||
| 690 | _aRATING AND VALUATION | ||
| 700 | _aSalvoni, T. | ||
| 942 | _n0 | ||
| 948 | _c31/03/1998 | ||
| 999 |
_c53657 _d53657 |
||